<?xml version="1.0" encoding="UTF-8"?>
<record
    xmlns:xsi="http://www.w3.org/2001/XMLSchema-instance"
    xsi:schemaLocation="http://www.loc.gov/MARC21/slim http://www.loc.gov/standards/marcxml/schema/MARC21slim.xsd"
    xmlns="http://www.loc.gov/MARC21/slim">

  <leader>00875nam a22001577a 4500</leader>
  <controlfield tag="003">SGT</controlfield>
  <datafield tag="082" ind1=" " ind2=" ">
    <subfield code="a">338.642, DES</subfield>
  </datafield>
  <datafield tag="100" ind1=" " ind2=" ">
    <subfield code="a">DESAI, VASANT </subfield>
  </datafield>
  <datafield tag="245" ind1=" " ind2=" ">
    <subfield code="a">SMALL-SCALE INDUSTRIES AND ENTREPRENEURSHIP </subfield>
  </datafield>
  <datafield tag="250" ind1=" " ind2=" ">
    <subfield code="a">2ND </subfield>
  </datafield>
  <datafield tag="260" ind1=" " ind2=" ">
    <subfield code="a">NEW DELHI </subfield>
    <subfield code="b">HIMALAYA BUP. </subfield>
    <subfield code="c">1996</subfield>
  </datafield>
  <datafield tag="300" ind1=" " ind2=" ">
    <subfield code="a">467</subfield>
  </datafield>
  <datafield tag="650" ind1=" " ind2=" ">
    <subfield code="a">SMALL BUSINESS </subfield>
  </datafield>
  <datafield tag="653" ind1=" " ind2=" ">
    <subfield code="a">THE CONCEPT OF SMALL - SCALE INDUSTRY, EVOLUTION OF THE CONCEPT OF SMALL-SCALE INDUSTRIES, CHARACTERISTICS OF SMALL-SCALE INDUSTRIES, THE ROLE OF SMALL-SCALE INDUSTRIES, POLICIES GOVERNING OF SMALL-SCALE INDUSTRIES, RURAL INDUSTRIES AND RURAL ARTISANS ANCILLARY INDUSTRIES, INDUSTRIAL ESTATES, ORGANISATIONAL STRUCTURE OF SMALL-SCALE INDUSTRIES, OWNERSHIP PATTERN IN SMALL-SCALE INDUSTRIES, FINANCE FOR SMALL-SCALE INDUSTRIES, WORKING CAPITAL MANAGEMENT, TAXATION BENEFITS, MARKETING MECHANISM IN SMALL-SCALE INDUSTRIES  </subfield>
  </datafield>
  <datafield tag="942" ind1=" " ind2=" ">
    <subfield code="2">ddc</subfield>
    <subfield code="c">FCM</subfield>
  </datafield>
  <datafield tag="952" ind1=" " ind2=" ">
    <subfield code="0">0</subfield>
    <subfield code="1">0</subfield>
    <subfield code="2">ddc</subfield>
    <subfield code="4">0</subfield>
    <subfield code="7">0</subfield>
    <subfield code="a">SSSL</subfield>
    <subfield code="b">SSSL</subfield>
    <subfield code="c">TXT</subfield>
    <subfield code="d">2016-06-17</subfield>
    <subfield code="e">IBH</subfield>
    <subfield code="g">110.00</subfield>
    <subfield code="i">SGTU</subfield>
    <subfield code="l">0</subfield>
    <subfield code="o">338.642, DES</subfield>
    <subfield code="p">CM224</subfield>
    <subfield code="r">2016-06-17 00:00:00</subfield>
    <subfield code="w">2013-11-11</subfield>
    <subfield code="y">FCM</subfield>
    <subfield code="k">14729</subfield>
  </datafield>
  <datafield tag="999" ind1=" " ind2=" ">
    <subfield code="c">9108</subfield>
    <subfield code="d">9108</subfield>
  </datafield>
</record>
